|
|
|
|
| LEADER |
00000cam a2200000 a 4500 |
| 001 |
vtls009748593 |
| 003 |
SK-MaSNL |
| 005 |
20260301025205.0 |
| 008 |
090725m2000 xo a fru 000 0 slo |
| 020 |
|
|
|c cen. skup. 10
|
| 035 |
|
|
|a (SVKBBclas03)vtls000118874
|
| 040 |
|
|
|a SNK
|b slo
|c SNK
|e AACR2
|
| 041 |
1 |
|
|a slo
|h [eng]
|
| 044 |
|
|
|a xo
|c SK
|
| 046 |
|
|
|a m
|m 20001001 (účin.)
|n 20080101 (zruš.)
|
| 072 |
|
7 |
|a 691
|x Stavebné hmoty
|2 konspekt
|
| 080 |
|
|
|a 691.53
|2 2001
|
| 080 |
|
|
|a 666.971
|2 2001
|
| 080 |
|
|
|a 620.1
|2 2001
|
| 080 |
|
|
|a 006.86
|2 2001
|
| 080 |
|
|
|a (4)CEN
|2 2001
|
| 080 |
|
|
|a (437.6)
|2 2001
|
| 084 |
|
|
|a 83.180
|2 ICS
|
| 084 |
|
|
|a 91.100.10
|2 ICS
|
| 084 |
|
|
|a 91.100.30
|2 ICS
|
| 130 |
0 |
|
|a STN 72 2462 (STN EN 1323+A1) [neplatná]
|9 320552
|
| 245 |
1 |
0 |
|a STN EN 1323+A1: 2000 (72 2462) [neplatná], Malty a lepidlá na obkladové prvky. Betónová skúšobná doska (obsahuje zmenu A1: 1998)
|
| 246 |
1 |
0 |
|a Malty a lepidlá na obkladové prvky
|
| 246 |
1 |
0 |
|a Betónová skúšobná doska (obsahuje zmenu A1: 1998)
|
| 260 |
|
|
|a Bratislava
|b Slovenský ústav technickej normalizácie
|c 2000
|
| 300 |
|
|
|a 12 s.
|b obr.
|c 30 cm
|
| 500 |
|
|
|a Spracovateľ: VÚIS Stavebná chémia s.r.o. Bratislava, Ružena Soboličová, Viera Zahradníková
|
| 500 |
|
|
|a Norma je od 1.1.2008 v celom rozsahu nahradená normou STN EN 1323 z januára 2008
|
| 504 |
|
|
|a Citované normy a súvisiace právne predpisy: s. 1
|
| 520 |
8 |
|
|a Norma je identická s EN 1323: 1996 vrátane jej zmeny A1: 1998
|
| 540 |
|
|
|a STN vydané na akomkoľvek nosiči sa môžu rozmnožovať a rozširovať iba so súhlasom určenej právnickej osoby
|b SÚTN Bratislava
|c zákon 264/1999 Z.z.
|
| 650 |
0 |
7 |
|a malty
|2 SVKBBPH
|9 51255
|
| 650 |
0 |
7 |
|a lepidlá
|2 SVKBBPH
|9 3612
|
| 650 |
0 |
7 |
|a technické normy a štandardy
|z Slovensko
|2 SNKPH
|9 79594
|
| 650 |
0 |
7 |
|a technické normy a štandardy
|z krajiny Európskej únie
|2 SNKPH
|9 289341
|
| 655 |
|
7 |
|a normy
|2 SNKPH
|9 70643
|
| 700 |
1 |
|
|a Soboličová, Ružena
|4 trl
|9 320553
|
| 700 |
1 |
|
|a Zahradníková, Viera
|4 trl
|9 320554
|
| 710 |
2 |
|
|a VUIS - Stavebná chémia (Bratislava, Slovensko)
|9 158150
|
| 710 |
2 |
|
|a Slovenský ústav technickej normalizácie
|4 stn
|9 32706
|
| 958 |
|
|
|a OP
|
| 958 |
|
|
|a NB
|
| 999 |
|
|
|c 572521
|d 574451
|
| 952 |
|
|
|t P60, <03>, [BOOK], {603}
|a SNK
|b SNK
|y PREZ
|7 0
|p 17A0325833
|o snkSTN EN 1323+A1
|i snkN 273/2002
|0 0
|1 0
|4 0
|d 2002-01-30
|l 0
|r 2005-01-02 00:00:00
|w 2026-02-23
|
| 952 |
|
|
|t P60, <04>, [BOOK], {604}
|a SNK
|b SNK
|y VYP
|7 0
|p 17A0325834
|o snkSTN EN 1323+A1 D1
|i snkN 274/2002
|0 0
|1 0
|4 0
|d 2002-01-30
|l 0
|r 2005-01-02 00:00:00
|w 2026-02-23
|